000 00541nam a2200181 a 4500
001 000740151
003 AM-YeHGA
005 20250617143343.0
008 100602s1969 ru r 000 0 rus d
040 _aAM-YeHGA
041 0 _arus
100 1 _aЛысцов, Иван Васильевич
245 1 0 _aДоля :
_bСтихи /
_cИван Лысцов.
260 _aМосква :
_bМоск. рабочий,
_c1969.
300 _a177 с. :
_bпортр.
653 0 _aРусская совeтская поэзия
090 _c275378
999 _c273735
_d273735